000 01798nam a2200241Ia 4500
008 260220t2008||||xx |||||||||||||| ||spa||
040 _aPY-SlUNAC
_bspa
_erda
041 _aspa
082 _a574.5
_bAc31te
100 _aAceñolaza, Florencio G.
_eAutor
245 0 _aTemas de la biodiversidad del litoral fluvial Argentino III /
_cpor Florencio G. Aceñolaza [Autor]
264 _aSan Miguel de Tucumán :
_bINSUGEO,
_c℗2008.
300 _a1 volumen
520 _a"Temas de la biodiversidad del litoral fluvial argentino III" de Florencio G. Aceñolaza presenta un análisis exhaustivo de la diversidad biológica en los ecosistemas ribereños de Argentina. El libro aborda la variabilidad de especies y su adaptación a los cambios ambientales, enfatizando la importancia de la conservación de hábitats fluviales. Aceñolaza destaca la interrelación entre las especies acuáticas y terrestres, así como la influencia de factores antrópicos como la urbanización y la contaminación sobre estos ecosistemas. Se incluyen estudios de caso y datos empíricos que ilustran la riqueza biológica de las regiones fluviales, resaltando la necesidad de estrategias de manejo sostenible. El autor también discute la relevancia de la investigación científica en la preservación de la biodiversidad, proponiendo un marco para futuras investigaciones y políticas de conservación. Este texto es un recurso valioso para ecólogos, conservacionistas y estudiantes interesados en la biología y la ecología de los ambientes hídricos en Argentina.
653 _aBiodiversidad
653 _aFluvial
653 _aLitoral
942 _b2026/02/17
_cBK
999 _c8153
_d8153